00502 2200205 4500001002100000005001700021008004100038035002500079082001100104090001800115100001000133245003600143250001100179260003300190300002000223650001800243850001200261990001200273990001100285YOGYA-0209000004760920150325095820.0 ind  a0010-020900000047609 a899.23 a899.23bHam D aHAMKA aDibawah lindungan kakbahcHamka aCet. 4 aJakartabBalai Pustakac1953 a67 hlm.c18 cm. aCerita pendek aYOPDYOG a17363-a a2032-a